000 00766cam a2200241 a 4500
001 000018157
003 DO-SdBNP
005 20220606115859.0
008 761229s1969 es 000 p spa d
040 _aDO-SdBNP
_bspa
_cDLC
_dBNPHU
049 _aBNGR
082 _aS861.44
_bB675e
100 1 _aBogrand, Ricardo,
_d1930-
_939345
245 1 3 _aLa espuma nace sola /
_cRicardo Bogrand.
260 _aSan Salvador, El Salvador :
_bDirección General de Cultura del Ministerio de Educación,
_c1969.
300 _a40 p. ;
_c20 cm.
490 1 _aCaballito de mar
_v26
650 4 _aPoesía salvadoreña
_912306
650 4 _aLiteratura salvadoreña
_92929
830 0 _aCaballito de mar ;
_v26
_939346
910 _aCatalogación por copia / LC
942 _2ddc
_cLBS1
999 _c17678
_d17678